Biblioteca

Metodología de la investigación / Carolina Mayorga Rodríguez (Registro nro. 41153)

Detalles MARC
000 -LÍDER
Campo fijo de descripción fija 008750000a22001930004500
001 - NÚMERO DE CONTROL
Campo de control 12125
020 ## - NÚMERO INTERNACIONAL NORMALIZADO PARA LIBROS
Número Internacional Normalizado del libro 958-30-0940-7
041 0# - CÓDIGO DE IDIOMA
Código de idioma para texto/pista de sonido o título separado
082 04 - NÚMERO DE CLASIFICACIÓN DECIMAL DEWEY
Número de clasificación G 001.42 M4738m
100 1# - ASIENTO PRINCIPAL--NOMBRE PERSONAL
Nombre personal Mayorga Rodríguez, Carolina
245 10 - TÍTULO
Título del Material Metodología de la investigación / Carolina Mayorga Rodríguez
260 ## - PUBLICACIÓN, DISTRIBUCIÓN, ETC. (PIE DE IMPRENTA)
Lugar de publicación, distribución, etc. Bogotá : Panamericana
300 ## - DESCRIPCIÓN FÍSICA
Extensión 127 Pag
336 ## - CONTENT TYPE
Content type term texto
Content type code txt
Source rdacontent
337 ## - MEDIA TYPE
Source rdamedia
Media type term sin mediación
Media type code n
338 ## - CARRIER TYPE
Source rdacarrier
Carrier type term volumen
Carrier type code nc
505 00 - NOTA DE CONTENIDO
Nota de contenido con formato preestablecido "Uno y el universo": El hombre y sus relaciones con el universo físico y social -- La investigación como factor de producción y circulación del conocimiento y la cultura -- El método como necesidad y garantía en el trabajo intelectual -- estrategias de investigación -- La escritura como expresión y resultado del trabajo de investigación -- Bibliografía básica.
942 ## - TIPO DE MATERIAL (KOHA)
Tipo de Item KOHA Libros General
Existencias
Estado de Material Estado de Perdido Estado de Dañado No para Préstamo Colección Tomo Biblioteca de Origen Biblioteca Permanente Fecha de Adquisición Total de Préstamos Signatura Topográfica Código de Barras Última vez visto Última vez Préstado Ejemplar/Existencia Fecha de Remplazo Tipo de Material
        Colección General   Biblioteca FUSBC Biblioteca FUSBC 24/06/2005 3 G 001.42 M4738m 15249 12/07/2023 05/06/2023 1 26/01/2016 Libros General

Biblioteca FUSBC | Teléfono: (57+4) 349 88 10 Ext. 141| WhatsApp (+57) 3005338115 
E-mail: biblioteca@unisbc.edu.co | Calle 76 87-14 Robledo Palenque, Medellín, Colombia

Con tecnología Koha